The climate swerve : (Record no. 117342)
[ view plain ]
| 000 -LEADER | |
|---|---|
| fixed length control field | 00624cam a2200193 i 4500 |
| 001 - CONTROL NUMBER | |
| control field | 19768410 |
| 005 - DATE AND TIME OF LATEST TRANSACTION | |
| control field | 20200312120058.0 |
| 008 - FIXED-LENGTH DATA ELEMENTS--GENERAL INFORMATION | |
| fixed length control field | 170705t20172017nyu b 001 0 eng |
| 020 ## - INTERNATIONAL STANDARD BOOK NUMBER | |
| International Standard Book Number | 9781620973479 (hbk : alk. paper) |
| 040 ## - CATALOGING SOURCE | |
| Transcribing agency | PK-LaUMT |
| 082 00 - DEWEY DECIMAL CLASSIFICATION NUMBER | |
| Classification number | 155.915 |
| Edition number | 23 |
| Item number | LIF-C |
| 100 1# - MAIN ENTRY--PERSONAL NAME | |
| Personal name | Lifton, Robert Jay |
| 245 14 - TITLE STATEMENT | |
| Title | The climate swerve : |
| Remainder of title | reflections on mind, hope, and survival / |
| Statement of responsibility, etc | by Robert Jay Lifton |
| 260 ## - PUBLICATION, DISTRIBUTION, ETC. (IMPRINT) | |
| Place of publication, distribution, etc | New York : |
| Name of publisher, distributor, etc | The New Press, |
| Date of publication, distribution, etc | 2017 |
| 300 ## - PHYSICAL DESCRIPTION | |
| Extent | xii, 178 p. ; |
| Dimensions | 20 cm |
| 650 #0 - SUBJECT ADDED ENTRY--TOPICAL TERM | |
| Topical term or geographic name as entry element | Climatic changes |
| General subdivision | Psychological aspects. |
| 650 #0 - SUBJECT ADDED ENTRY--TOPICAL TERM | |
| Topical term or geographic name as entry element | Nuclear warfare |
| General subdivision | Psychological aspects. |
| 942 ## - ADDED ENTRY ELEMENTS (KOHA) | |
| Koha item type | Books |
| Withdrawn status | Lost status | Damaged status | Home library | Current library | Date acquired | Full call number | Barcode | Date last seen | Price effective from | Koha item type |
|---|---|---|---|---|---|---|---|---|---|---|
| UMT Main Campus | UMT Main Campus | 2020-03-12 | 155.915 LIF-C | 133696 | 2020-03-12 | 2020-03-12 | Books |
